| 000 | 00503nam a2200121Ia 4500 | ||
|---|---|---|---|
| 008 | 220214s9999 xx 000 0 und d | ||
| 100 |
_aMasa-Aki K _cetal |
||
| 245 | 0 | _aChemical approach to contact dermatitis cause by household products. III. Analysis of dithiocarbamate-type accelerators in commercial rubber gloves and incidence of positive reactions to antioxidants in patch testing | |
| 260 |
_bEisei Kagaku _c1984 |
||
| 300 | _a197-211 | ||
| 520 | _aTRANSLATED FROM JAPANESE BY INSDOC | ||
| 942 | _cRE | ||
| 999 |
_c45876 _d45876 |
||